000
00285nam a22001217a 4500
041
_a
ENG
100
_a
Stanley .E
245
_a
The Fundamentals Of Food Engineering
260
_a
Landan
_b
The Avi Pub Company Inc
_c
1971
300
_a
629
650
_a
APE ( 02 )
856
_u
APE ( 02 )
999
_c
2848
_d
2848